[Event "KUW-ch"]
[Site "Kuwait City"]
[Date "2023.02.01"]
[Round "1"]
[White "Alsuwailem, Othman"]
[Black "Alhejab, Meshal"]
[Result "0-1"]
[WhiteElo "1371"]
[BlackElo "1906"]
[PlyCount "76"]
[EventDate "2023.02.01"]
[EventType "swiss"]
[EventRounds "9"]
[EventCountry "KUW"]
[SourceTitle "CBM 213 Extra"]
[Source "ChessBase"]
[SourceDate "2023.05.31"]
[SourceVersion "1"]
[SourceVersionDate "2023.05.31"]
[SourceQuality "1"]

1. c4 Nf6 2. Nc3 e6 3. e3 Be7 4. Be2 d5 5. cxd5 exd5 6. Nf3 0-0 7. 0-0 Nbd7 8. d4 c6 9. Qc2 Re8 10. Bd3 c5 11. b3 Qc7 12. dxc5 Nxc5 13. Be2 Nce4 14. Bb2 Bf5 15. Bd3 Rac8 16. Nd4 Ng4 17. g3 Bg6 18. Ncb5 Qd7 19. Qe2 Ne5 20. Bxe4 Bxe4 21. Rad1 Bc5 22. f3 Bg6 23. Kh1 Nc6 24. Qf2 Qe7 25. Rfe1 Nb4 26. e4 dxe4 27. fxe4 Bxe4+ 28. Kg1 Qd7 29. Rxe4 Rxe4 30. a3 Nc6 31. Qc2 Qd5 32. Kf1 Rce8 33. Nc7 Re1+ 34. Kf2 R8e2+ 35. Qxe2 Rxe2+ 36. Kxe2 Qg2+ 37. Ke1 Qxb2 38. Nxc6 Qf2# 0-1